Roald Dahl Charachters By Quote - Statistics

General Stats
  • This quiz has been taken 23 times
  • The average score is 6 of 21
Answer Stats
Quote Charachter % Correct
"I've read it, Ms. Trunchbull." Matilda
100%
"So little to do and so much time!" Willy Wonka
89%
"I just knew Augustus would find a Golden Ticket. He eats so many chocolate bars a day that it was almost impossible for him not to find one. Mrs. Gloop
61%
"Your head is full of rotten-wool." The BFG
56%
"The answer is three eights! Or is it eight threes? What's the difference between three eights and eight threes? Tell me that, you mangled little wurzel!" Miss Trunchbull
50%
"I can smell that man Bean from a mile away. He stinks." Mr. Fox
39%
"I said, you chose books and I chose looks." Mrs. Wormwood
39%
"It's got teeth like screwdrivers!" Mr. Twit
39%
"From now on, you must eat cabbage three times a day. Mountains of cabbage!" Grandma
33%
"Does chocolate make you grow?" George
28%
"I am a retired witchophile." Grandmamma
22%
"Now what on earth could that be? I have heard of a fish-pie and a fish-cake and a fish-finger, but I've never heard of a fish-monger. Are these mongers good to eat?" The Pelican
17%
"Stop that immediately and get on with your work, you nasty little beast!" Aunt Sponge
11%
"Tortoises are very backward creatures." Mr. Hoppy
11%
"I don't want a mouse for a son!" Mr. Jenkins
11%
"When she lowered herself into the chair, there was a loud squelching noise similar to that made by a hippopotamus when lowering its foot into the mud on the banks of the Limpopo River." Hortensia
6%
"Don't worry, I can mince it all up very fine and you won't even know the difference. Lovely slugburgers. Delicious wormburgers." Mrs. Gregg
6%
"I am a pest!" The Centipede
6%
"I won't have flies in my office!" The President
6%
"Does he always speak like that?" The Queen of England
0%
"We are chopping people's heads off like you are chopping parsley." The Sultan of Baghdad
0%
No matching quizzes found
Score Distribution
Percent of People with Each Score
Percentile by Number Answered
Your Score History
You have not taken this quiz